| 000 | 00426cam a2200133ua 4500 | ||
|---|---|---|---|
| 082 |
_a028.74631 _bMOI/DE |
||
| 100 |
_aMoigne, Guyle . _91577 |
||
| 245 | _aDeveloping and Improving Irrigation and Drainage Systems: Selected Papers from World Bank Seminars / | ||
| 260 |
_aWashington D C : _bWorld Bank , _c1992. |
||
| 300 | _a170 ; . | ||
| 700 | 1 |
_aBarghuoti, Shawki . _91578 |
|
| 700 | 1 |
_aGarbus, Lisa . _91579 |
|
| 942 | _cBK | ||
| 999 |
_c10294 _d10294 |
||